00637cam a22002174a 45000010009000000050017000090080041000260100017000670200022000840350020001060400023001260410008001490420008001570600021001650800024001860820028002101000006002381010008002442450103002525040064003551326898020180130073003.0030710s2004 nyua b 001 0 eng  a 2003059256 a0071375538 (pbk.) a(DNLM)101184659 aDNLM/DLCcDLCdDLC aeng apcc10aWW 525bE53 2004 a616.02502461775 HEI00a616.02502461775 HEI2221 a8 aOFT10aEmergency care in the optometric setting /cMichael H. Heiberger, Richard J. Madonna, Leon Nehmad. aIncludes bibliographical references (p. 267-269) and index.